| 000 | 00595cab a2200229 4500 | ||
|---|---|---|---|
| 001 | X92637 | ||
| 008 | 090401t1999 xxu||||| |||| 00| 0 eng d | ||
| 035 | _a(Sirsi) u92637 | ||
| 041 | _aeng | ||
| 245 | _aCondition | ||
| 260 | _c1999 | ||
| 350 | _a0 | ||
| 490 |
_aEstates Gazette _v[1999] EGCS 39 (09/03/99) |
||
| 650 | _aCONDITIONAL PLANNING PERMISSION | ||
| 650 | _aDOCUMENTS | ||
| 650 | _aPLANNING APPEALS | ||
| 650 | _aPLANNING APPLICATIONS | ||
| 650 | _aTESCO STORES LTD V NORTH NORFOLK DC | ||
| 690 | _aPLANNING LAW AND PRACTICE-CASE LAW | ||
| 942 | _n0 | ||
| 948 | _c08/04/1999 | ||
| 999 |
_c58709 _d58709 |
||